Países sin letras repetidas - Estadísticas

Estadísticas generales
  • Esta prueba ha sido intentada 60 veces
  • La puntuación promedio es 36 de 47
Estadísticas de respuestas
Respuesta % Correcto
China
98%
Japón
96%
Chile
92%
Perú
90%
Rusia
90%
Níger
88%
Omán
88%
Suecia
88%
Chipre
86%
México
86%
Brasil
84%
Laos
84%
Noruega
84%
Suiza
84%
Bélgica
82%
Egipto
82%
Grecia
82%
Portugal
82%
Sudán
82%
Cuba
80%
Irak
80%
Irán
80%
Letonia
80%
Israel
78%
Bután
76%
Chad
76%
Estonia
76%
Kenia
76%
Malí
76%
Nepal
73%
Túnez
73%
Guinea
71%
Vietnam
71%
Ecuador
69%
Serbia
69%
Kuwait
67%
Líbano
65%
Tonga
65%
Brunéi
63%
Honduras
63%
Hungría
63%
Surinam
63%
Baréin
59%
Singapur
57%
Gabón
55%
Uzbekistán
53%
Camerún
51%
No se encontraron pruebas coincidentes
Distribución de puntuación
Porcentaje de gente con cada puntuación
Porcentaje por número respondido
Historial de tus puntuaciones
No has intentado esta prueba.